Jura /
I tiakina i:
| Ngā kaituhi matua: | , |
|---|---|
| Hōputu: | Pukapuka |
| Reo: | Itāriana |
| I whakaputaina: |
Roma :
Il filo,
c2007
|
| Rangatū: | Nuove voci. Chronos
|
| Ngā Tūtohu: |
Kāore He Tūtohu, Me noho koe te mea tuatahi ki te tūtohu i tēnei pūkete!
|
MARC
| LEADER | 00000nam a22000007i 4500 | ||
|---|---|---|---|
| 001 | IT\ICCU\UBO\3638560 | ||
| 003 | ItRI | ||
| 005 | 20260115232123.0 | ||
| 008 | 090522s2007 it |||||| ||||| |||||c | ||
| 020 | |a 9788861855779 | ||
| 040 | |b ita |c importazione bologna sebina | ||
| 041 | 7 | |a ita |2 ISO-639-2 | |
| 100 | 1 | |a Bertoli, Elena |0 IT\ICCU\UBOV\328174 |4 aut | |
| 245 | 1 | 0 | |a Jura / |c Elena Bertoli, Dory Capuani. |
| 260 | |a Roma : |b Il filo, |c c2007 | ||
| 300 | |a 243 p. ; |c 20 cm. | ||
| 700 | 1 | |a Capuani, Dory |0 IT\ICCU\UBOV\328175 |4 aut | |
| 830 | 0 | |a Nuove voci. Chronos |0 IT\ICCU\UBO\2955610 | |
| 942 | |2 ddc |c BK |n 0 | ||
| 952 | |0 0 |1 0 |4 0 |6 DOC_853_920000000000000_BER |7 0 |9 20400 |a BO |b BO |d 2026-01-15 |i 12775 |l 0 |o DOC 853.92 BER |p BO12775 |r 2026-01-15 23:21:23 |w 2026-01-15 |x [Sebina 5] [1 v.] |y BK |z 1 v. | ||
| 999 | |c 17407 |d 17407 | ||